| 000 | 01091nam a2200217Ia 4500 | ||
|---|---|---|---|
| 001 | 17114 | ||
| 005 | 20260330115305.0 | ||
| 008 | 260306t2001||||xx |||||||||||||| ||und|| | ||
| 041 | _aESP | ||
| 082 |
_a657.458 _bS21 |
||
| 100 |
_aSantillana González, Juan Ramón _eAUT |
||
| 245 | 0 |
_aEstablecimiento de sistemas de control interno: _bfunción de contraloría |
|
| 260 | _c2001 | ||
| 650 | _aGEN | ||
| 654 | _aCCO | ||
| 856 |
_uhttps://itmsp.museknowledge.com/UCSP?url=https://www.ebooks7-24.com:443/?il=6315&pg=1 _zVéase además: Auditoría del control interno, por Samuel Alberto Mantilla B. Versión digital |
||
| 856 |
_uhttps://0u213unyd-y-https-ebooks7--24-com.itmsp.museknowledge.com/biblioteca.aspx _zVéase además: Base de datos Ebook7-24 |
||
| 856 |
_uhttps://0u21cunyg-y-https-www-legismovil-pe.itmsp.museknowledge.com/interm/InterUCSanPablo.htm _zVéase además: Base de datos LegisMóvil |
||
| 856 |
_uhttps://0u219unyr-y-https-legal-legis-com-pe.itmsp.museknowledge.com/Interm/Intermedia_Ucsp.htm _zVéase además: Base de datos Multilegis |
||
| 942 |
_cLIB _dJUS _fJUS _2ddc |
||
| 999 |
_c17114 _d17114 |
||